000 00787nas a2200253 4500
001 BR9700157
003 BR-BrBNA
005 20231205095930.0
007 ta
008 230509b bl.|||p| |||| 00| 00por d
040 _aBR-BrBNA
_bpor
_cBiblioteca Nacional de Agricultura
041 _a(Pt)
072 _aL73; U10
100 1 _aAraujo, F.A.P. de
100 1 _aDunois, K.G.V.
100 1 _aOliveira, R. da S. de
245 1 _aInterleucina-12 e toxoplasmose (revisao)
650 _aToxoplasmose
650 _aInfeccao
650 _aBase de Dados
773 0 _tArquivos da Faculdade de Veterinaria da Universidade Federal do Rio Grande do Sul (Brazil)
_xISSN 0101-5230
_g(1996), v. 24(1) p. 11-18
_wBR9700157
909 _a202311
_bLúcia
_c55
_dLúcia Elande
942 _2AGRIS
_n0
_cANA
999 _c153525
_d153525